George(s) Célèbres - Statistiques

Statistiques générales
  • Ce quiz a été pris 1 101 fois
    589 depuis la dernière actualisation
  • Le résultat moyen est 12 sur 24
Statistiques - réponses
Description Réponse % Correct
What Else ? Clooney
90%
1er président des Etats-Unis. Washington
89%
Auteur de la Chanson pour l'Auvergnat et Les copains d'abord. Brassens
86%
2 présidents des Etats-Unis, un père et son fils. Herbert Walker Bush et Walker Bush
82%
Auteur anglais de La ferme des animaux et 1984. Orwell
77%
Pseudonyme d'une femme de lettres française, autrice de La Petite Fadette. Sand
77%
Papa d'Indiana Jones et de Star Wars. Lucas
76%
Homme d'Etat français surnommé "le Tigre". Dreyfusard mais aussi ministre de la guerre durant la Grande Guerre lui valant le sobriquet de "Père de la victoire". Clémenceau
67%
Guitariste des Beatles. Harrison
66%
A la fois icône pop et icône gay, chante Wake Me Up Before You Go-Go, Last Christmas ou encore Careless Whisper. Michael
65%
19ème président de la République Française. Pompidou
64%
Footballeur récompensé du Ballon d'Or en 1995 et président actuel du Libéria. Weah
50%
Compositeur français de l'opéra Carmen. Bizet
49%
Médecin neurologue ayant donné son nom à la maladie des tics convulsifs. Gilles de la Tourette
39%
"Tolkien américain", dont l'œuvre principale fait part d'un hiver qui ne cesse de venir sur la ville de Winterfell. Raymond Richard Martin
37%
Écrivain célèbre pour son roman La disparition ne comprenant aucune fois la lettre "e". Perec
35%
Fondateur du mouvement artistique du cubisme en compagnie de Picasso. Braque
27%
Dessinateur de presse et auteur de bande dessinée d'origine polonaise assassiné lors de l'attentat contre Charlie Hebdo le 7 janvier 2015. Wolinski
24%
Boxeur américain champion olympique en 1968, champion du monde WBA de 1973 à 1974 puis de 1994 à 1995 à l'âge de 45 ans. Foreman
19%
Général américain controversé au style agressif, fort de nombreux succès militaires et inspirant un film éponyme en 1970 ayant remporté 7 oscars. Patton
17%
Compositeur fan du George(s) précédent au point d'emprunter son prénom comme pseudonyme. Parolier pour Montand, Piaf, Barbara ou encore Reggiani. Moustaki
15%
Navigateur britannique ayant exploré la côte Pacifique Nord-américaine. A donné son nom à une ville ainsi qu'à une île canadienne. Vancouver
15%
Peintre lorrain reconnu pour sa maîtrise du clair-obscur et ayant conçu Le tricheur à l'as de carreau. de La Tour
11%
Inventeur du pointillisme et l'un des grands peintres du postimpressionnisme. Seurat
11%
Aucun quiz correspondant
Distribution des résultats
% des personnes avec chaque résultat
Percentile par nombre de réponses
Votre historique - résultats
Vous n’avez pas pris ce quiz depuis la dernière actualisation